|
|
|
|
| LEADER |
00000nam a2200000Ia 4500 |
| 008 |
170928b1971 a ||||| |||| 00| | spa d |
| 999 |
|
|
|c 1417
|d 1417
|
| 090 |
|
|
|a 06.01.02
|b 287
|
| 100 |
1 |
|
|a Van Dalen, Deobold B.
|9 3207
|
| 245 |
1 |
0 |
|a Manual de técnica de la investigación educacional /
|c Deobol B. Van Dalen, William J. Meyer
|
| 260 |
|
|
|a Buenos Aires, Argentina :
|b Paidós,
|c 1971
|
| 300 |
|
|
|a 542 páginas
|
| 650 |
1 |
4 |
|a INVESTIGACIÓN EDUCATIVA
|9 326
|
| 650 |
1 |
4 |
|a EDUCACIÓN
|9 1
|
| 650 |
1 |
4 |
|a MANUALES
|9 426
|
| 650 |
1 |
4 |
|a MÉTODOS DE INVESTIGACIÓN
|9 288
|
| 650 |
1 |
4 |
|a ESTADÍSTICA
|9 549
|
| 700 |
|
|
|a Meyer, William J.
|9 3208
|
| 942 |
|
|
|i 00359
|h 06.01.02 287
|2 z
|c 01
|